Research Methods for Operations and Supply Chain Management (Record no. 43348)

MARC details
000 -LEADER
fixed length control field 00552nam a22001817a 4500
005 - DATE AND TIME OF LATEST TRANSACTION
control field 20250319172519.0
008 - FIXED-LENGTH DATA ELEMENTS--GENERAL INFORMATION
fixed length control field 250319b |||||||| |||| 00| 0 eng d
020 ## - INTERNATIONAL STANDARD BOOK NUMBER
International Standard Book Number 9781032324340
041 ## - LANGUAGE CODE
Language code of text/sound track or separate title Eng.
082 ## - DEWEY DECIMAL CLASSIFICATION NUMBER
Classification number 658.57 KAR
100 ## - MAIN ENTRY--PERSONAL NAME
Author Karlsson, Christer
245 ## - TITLE STATEMENT
Title Research Methods for Operations and Supply Chain Management
250 ## - EDITION STATEMENT
Edition statement 3rd
260 ## - PUBLICATION, DISTRIBUTION, ETC.
Place London
Publisher Routledge, Taylor & Francis Group
Publication Year 2024
300 ## - PHYSICAL DESCRIPTION
Extent 319;. P. 24 cm
650 ## - SUBJECT ADDED ENTRY--TOPICAL TERM
Subject Industrial Management-Research; Production Management; Operations Research
942 ## - ADDED ENTRY ELEMENTS (KOHA)
Koha item type Books
Holdings
Withdrawn status Lost status Source of classification or shelving scheme Damaged status Not for loan Home library Current library Shelving location Accession Date Vendor Price Bill number Full call number Barcode No Date last seen Discount Bill Date Koha item type Suggested By
    Dewey Decimal Classification     IMTN IMTN Rack 34-B 03/18/2025 Raghav Books Private Limited 6565.59 2374 658.57 KAR 33639 03/19/2025 33 02/14/2025 Books Dr. Bibhuti Tripathy
Designed & Maintained by: LRC IMT Nagpur Contact: lrc@imtnag.ac.in© 2024. All Rights Reserved.